00494 a2200145 4500020001500000020001800015100001700033245004100050250001200091260003900103300002200142500001500164856008200179856008700261 a812590638X a97881259063841 aPandey, I.M.10aFinancial management /cI.M. Pandey. a8th ed. a[S.l.] :bSangam Books Ltd,c1999. a1250 p. ;c28 cm. aPaperback.403Amazon.comuhttp://www.amazon.com/exec/obidos/ASIN/812590638X/chopaconline-20403Amazon customer reviewsuhttp://www.chopac.org/cgi-bin/tools/azrev.pl?q=812590638X